Die Literarisierung von Musik und bildender Kunst um 1800
Saved in:
| Main Author: | |
|---|---|
| Document Type: | Book |
| Language: | German |
| Published: |
München
: Fink
, 2003
|
| Subjects: | |
| Online Access: | Inhaltsverzeichnis Rezension Rezension Rezension |
| Related Items: | Erscheint auch als:
Die Literarisierung von Musik und bildender Kunst um 1800 Rezension: [Rezension von: Caduff, Corina, Die Literarisierung von Musik und bildender Kunst um 1800] Rezensiert in: [Rezension von: Caduff, Corina, Die Literarisierung von Musik und bildender Kunst um 1800] Rezensiert in: [Rezension von: Caduff, Corina, Die Literarisierung von Musik und bildender Kunst um 1800] Rezensiert in: [Rezension von: Caduff, Corina, Die Literarisierung von Musik und bildender Kunst um 1800] Rezensiert in: [Rezension von: Corina Caduff, Die Literarisierung von Musik und bildender Kunst um 1800] |
| Author Notes: | Corina Caduff |
| LEADER | 07836cam a2201465 c 4500 | ||
|---|---|---|---|
| 001 | 360077110 | ||
| 003 | DE-627 | ||
| 005 | 20260611225457.0 | ||
| 007 | tu | ||
| 008 | 030129s2003 gw ||||| 00| ||ger c | ||
| 015 | |a 03,N07,1676 |2 dnb | ||
| 015 | |a 03,A32,1466 |2 dnb | ||
| 016 | 7 | |a 96607386X |2 DE-101 | |
| 020 | |a 9783770537631 |q : Kt. : ca. EUR 42.90, ca. CHF 73.00 |9 978-3-7705-3763-1 | ||
| 020 | |a 3770537637 |q Kt. : ca. EUR 42.90, ca. CHF 73.00 |9 3-7705-3763-7 | ||
| 035 | |a (DE-627)360077110 | ||
| 035 | |a (DE-603)109791657 | ||
| 035 | |a (DE-576)103905782 | ||
| 035 | |a (DE-599)DNB96607386X | ||
| 035 | |a (OCoLC)231973873 | ||
| 035 | |a (OCoLC)231973873 | ||
| 035 | |a (OCoLC)52430577 | ||
| 035 | |a (AT-OBV)AC03718916 | ||
| 040 | |a DE-627 |b ger |c DE-627 |e rakwb | ||
| 041 | |a ger | ||
| 044 | |c XA-DE | ||
| 050 | 0 | |a PN56.M87 | |
| 082 | 0 | |a 809.93357 | |
| 082 | 0 | 4 | |a 46 |a 48 |a 53 |
| 084 | |a 53 |2 sdnb | ||
| 084 | |a 48 |2 sdnb | ||
| 084 | |a 46 |2 sdnb | ||
| 084 | |a 46 |a 48 |a 53 |2 sdnb | ||
| 084 | |a 53 |a 48 |a 46 |2 sdnb | ||
| 084 | |a 9,2 |2 ssgn | ||
| 084 | |a LR 57710 |2 rvk |0 (DE-625)rvk/109880:13528 | ||
| 084 | |a LR 57700 |q BVB |2 rvk |0 (DE-625)rvk/109879:13528 | ||
| 084 | |a GK 1221 |q BVB |2 rvk |0 (DE-625)rvk/40747:13554 | ||
| 084 | |a GK 1223 |q BVB |2 rvk |0 (DE-625)rvk/40747:13556 | ||
| 084 | |a EC 2440 |q BVB |2 rvk |0 (DE-625)rvk/20488: | ||
| 084 | |a 17.90 |2 bkl | ||
| 084 | |a 17.93 |2 bkl | ||
| 084 | |a 18.00 |2 bkl | ||
| 090 | |a a | ||
| 100 | 1 | |a Caduff, Corina |d 1965- |0 (DE-588)115514724 |0 (DE-627)077300858 |0 (DE-576)168148048 |4 aut | |
| 245 | 1 | 4 | |a Die Literarisierung von Musik und bildender Kunst um 1800 |c Corina Caduff |
| 263 | |a Kt. : ca. EUR 42.90, ca. CHF 73.00 | ||
| 264 | 1 | |a München |b Fink |c 2003 | |
| 300 | |a 386 S. |b Ill. | ||
| 336 | |a Text |b txt |2 rdacontent | ||
| 337 | |a ohne Hilfsmittel zu benutzen |b n |2 rdamedia | ||
| 338 | |a Band |b nc |2 rdacarrier | ||
| 500 | |a Literaturverz. S. [359] - 386 | ||
| 505 | 8 | |a Literaturverz. S. [359] - 386 | |
| 648 | 7 | |a Geschichte 1766-1815 |2 gnd | |
| 650 | 0 | |a Music in literature | |
| 650 | 0 | |a Art in literature | |
| 650 | 0 | |a Music and literature | |
| 650 | 0 | |a Art and literature | |
| 650 | 0 | |a European literature |x History and criticism |x 19th century | |
| 650 | 0 | |a European literature |x History and criticism |x 18th century | |
| 650 | 0 | 7 | |0 (DE-588)4364715-7 |0 (DE-627)181374358 |0 (DE-576)211666475 |a Literarisierung |2 gnd |
| 650 | 0 | 7 | |0 (DE-588)4114333-4 |0 (DE-627)105822957 |0 (DE-576)209483733 |a Kunst |2 gnd |
| 650 | 4 | |a Gesang, Literatur, bildende Kunst | |
| 689 | 0 | 0 | |d s |0 (DE-588)4113292-0 |0 (DE-627)105830437 |0 (DE-576)209475285 |a Deutsch |2 gnd |
| 689 | 0 | 1 | |d s |0 (DE-588)4035964-5 |0 (DE-627)106245015 |0 (DE-576)209015608 |a Literatur |2 gnd |
| 689 | 0 | 2 | |d s |0 (DE-588)4114652-9 |0 (DE-627)10582058X |0 (DE-576)209486422 |a Musik |g Motiv |2 gnd |
| 689 | 0 | 3 | |a z |2 gnd |a Geschichte 1766-1815 |
| 689 | 0 | |5 DE-101 | |
| 689 | 1 | 0 | |d s |0 (DE-588)4113292-0 |0 (DE-627)105830437 |0 (DE-576)209475285 |a Deutsch |2 gnd |
| 689 | 1 | 1 | |d s |0 (DE-588)4035964-5 |0 (DE-627)106245015 |0 (DE-576)209015608 |a Literatur |2 gnd |
| 689 | 1 | 2 | |d s |0 (DE-588)4128072-6 |0 (DE-627)104262524 |0 (DE-576)209598980 |a Kunst |g Motiv |2 gnd |
| 689 | 1 | 3 | |a z |2 gnd |a Geschichte 1766-1815 |
| 689 | 1 | |5 DE-101 | |
| 689 | 2 | 0 | |d g |0 (DE-588)4011882-4 |0 (DE-627)104704861 |0 (DE-576)208896155 |a Deutschland |2 gnd |
| 689 | 2 | 1 | |d s |0 (DE-588)4000626-8 |0 (DE-627)106400541 |0 (DE-576)208838821 |a Ästhetik |2 gnd |
| 689 | 2 | 2 | |d s |0 (DE-588)4040802-4 |0 (DE-627)104137754 |0 (DE-576)209042346 |a Musik |2 gnd |
| 689 | 2 | 3 | |d s |0 (DE-588)4035964-5 |0 (DE-627)106245015 |0 (DE-576)209015608 |a Literatur |2 gnd |
| 689 | 2 | 4 | |a z |2 gnd |a Geschichte 1766-1815 |
| 689 | 2 | |5 DE-101 | |
| 776 | 0 | 8 | |i Erscheint auch als |n Online-Ausgabe |a Caduff, Corina, 1965 - |t Die Literarisierung von Musik und bildender Kunst um 1800 |d München : Fink, 2003 |h 386 S. |w (DE-627)617828989 |w (DE-576)383347688 |z 3770537637 |
| 787 | 0 | 8 | |i Rezension |a Steigerwald, Jörn, 1969 - |t [Rezension von: Caduff, Corina, Die Literarisierung von Musik und bildender Kunst um 1800] |d 2005 |w (DE-627)756805759 |
| 787 | 0 | 8 | |i Rezensiert in |a Martin, Dieter |t [Rezension von: Caduff, Corina, Die Literarisierung von Musik und bildender Kunst um 1800] |d 2004 |w (DE-627)49368719X |
| 787 | 0 | 8 | |i Rezensiert in |a Kohlhäufl, Michael |t [Rezension von: Caduff, Corina, Die Literarisierung von Musik und bildender Kunst um 1800] |d 2005 |w (DE-627)510184561 |
| 787 | 0 | 8 | |i Rezensiert in |a Steigerwald, Jörn |t [Rezension von: Caduff, Corina, Die Literarisierung von Musik und bildender Kunst um 1800] |d 2005 |w (DE-627)517327171 |
| 787 | 0 | 8 | |i Rezensiert in |a Benthien, Julia |t [Rezension von: Corina Caduff, Die Literarisierung von Musik und bildender Kunst um 1800] |d 2004 |w (DE-627)1919826769 |
| 787 | 0 | 8 | |i Rezensiert in |w (DE-603)176724753 |
| 787 | 0 | 8 | |i Rezensiert in |w (DE-603)133351270 |
| 787 | 0 | 8 | |i Rezensiert in |w (DE-603)126363455 |
| 856 | 4 | 2 | |u http://www.gbv.de/dms/bs/toc/360077110.pdf |m V:DE-601 |m B:DE-84 |q pdf/application |x Verlag |y Inhaltsverzeichnis |3 Inhaltsverzeichnis |7 1 |
| 856 | 4 | 2 | |u https://swbplus.bsz-bw.de/bsz103905782rez.htm |m V:DE-576 |v 2005-05-24 |3 Rezension |7 1 |
| 856 | 4 | 2 | |u http://www.sehepunkte.de/2004/02/3119.html |m V:DE-576;X:Sehepunkte |q text/html |v 20180424122846 |3 Rezension |7 1 |
| 856 | 4 | 2 | |u http://scans.hebis.de/HEBCGI/show.pl?10979165_rez.pdf |m V:DE-576 |q application/pdf |3 Rezension |7 1 |
| 935 | |i sf | ||
| 935 | |i Blocktest | ||
| 936 | r | v | |a LR 57710 |b allgemein |k Musikwissenschaft |k I. Musica theoretica |k Sachteil: Musica theoretica (einschl. Realien mit geographischem Bezug) |k Musik in Beziehung zu oder im Vergleich mit anderen Gegenständen und Disziplinen |k Sprache, Dichtung, Sprach- und Literaturwissenschaft |k allgemein |0 (DE-627)144121951X |0 (DE-625)rvk/109880:13528 |0 (DE-576)371219515 |
| 936 | r | v | |a LR 57700 |b allgemein |k Musikwissenschaft |k I. Musica theoretica |k Sachteil: Musica theoretica (einschl. Realien mit geographischem Bezug) |k Musik in Beziehung zu oder im Vergleich mit anderen Gegenständen und Disziplinen |k Bildende Kunst, Kunstwissenschaft |k allgemein |0 (DE-627)1441219455 |0 (DE-625)rvk/109879:13528 |0 (DE-576)371219450 |
| 936 | r | v | |a GK 1221 |b k |k Germanistik. Niederlandistik. Skandinavistik |k Deutsche Literatur |k Goethezeit |k Literaturgeschichte |k Stoff- und Motivgeschichte (A-Z) |k k |0 (DE-627)1271496569 |0 (DE-625)rvk/40747:13554 |0 (DE-576)201496569 |
| 936 | r | v | |a GK 1223 |b m |k Germanistik. Niederlandistik. Skandinavistik |k Deutsche Literatur |k Goethezeit |k Literaturgeschichte |k Stoff- und Motivgeschichte (A-Z) |k m |0 (DE-627)1272113302 |0 (DE-625)rvk/40747:13556 |0 (DE-576)202113302 |
| 936 | r | v | |a EC 2440 |b Beziehungen der Literatur zu Kunst und Musik |k Allgemeine und vergleichende Sprach- und Literaturwissenschaft. Indogermanistik. Außereuropäische Sprachen und Literaturen |k Allgemeine und vergleichende Literaturwissenschaft. |k Beziehungen der Literatur zu anderen Gebieten |k Beziehungen der Literatur zu Kunst und Musik |0 (DE-627)127074920X |0 (DE-625)rvk/20488: |0 (DE-576)20074920X |
| 936 | b | k | |a 17.90 |j Literatur in Beziehung zu anderen Bereichen von Wissenschaft und Kultur |0 (DE-627)106404385 |
| 936 | b | k | |a 17.93 |j Literarische Stoffe |j literarische Motive |j literarische Themen |0 (DE-627)106404490 |
| 936 | b | k | |a 18.00 |j Einzelne Sprachen und Literaturen allgemein |0 (DE-627)106405403 |
| 936 | s | n | |a e100 |2 mzub |
| 936 | s | n | |a g100 |2 mzub |
| 936 | s | n | |a l400 |2 mzub |
| 936 | s | n | |a l300 |2 mzub |
| 936 | s | n | |a i100 |2 mzub |
| 936 | s | n | |a f100 |2 mzub |
| 951 | |a BO | ||
| 990 | |a Deutsch | ||
| 990 | |a Literatur | ||
| 990 | |a Musik | ||
| 990 | |a Geschichte 1766-1815 | ||
| 990 | |a Deutsch | ||
| 990 | |a Literatur | ||
| 990 | |a Kunst | ||
| 990 | |a Geschichte 1766-1815 | ||
| 990 | |a Deutschland | ||
| 990 | |a Ästhetik | ||
| 990 | |a Musik | ||
| 990 | |a Literatur | ||
| 990 | |a Geschichte 1766-1815 | ||
| 991 | |a Rezensiertes Werk | ||
| 999 | |a KXP-PPN360077110 |e 4986075349 | ||


